000 00792nam a2200193Ia 4500
003 GCL
008 140319s9999 xx 000 0 ara d
040 _aGCL /
_cGCL
082 0 4 _aم
_b928
_bق ت
100 1 _aالقفطى : جمال الدين ابو الحسن على بن يوسف بن ابراهيم بن عبدالواحد بن موسى الشيبانى
245 1 0 _aتاريخ الحكماء /
_cالقفطى : جمال الدين ابو الحسن على بن يوسف بن ابراهيم بن عبدالواحد بن موسى الشيبانى
260 _a[S.N] :
_bمؤسسة الخانجى
300 _aمتعدد
490 _aشكاوى المصرى الفصيح
_v0
650 0 4 _aالادب
650 0 4 _aالتراجم
650 0 4 _aالادباء
942 _2ddc
_cREF
999 _c59298
_d59298